[Event "TUR-chT Clubs"]
[Site "Konya"]
[Date "2019.07.20"]
[Round "8.25"]
[White "Ulupinar, Furkan"]
[Black "Sener, Kerem"]
[Result "1-0"]
[WhiteElo "1580"]
[BlackElo "1547"]
[PlyCount "57"]
[EventDate "2019.07.16"]
[EventType "team-swiss"]
[EventRounds "9"]
[EventCountry "TUR"]
[SourceTitle "CBM 191 Extra"]
[Source "ChessBase"]
[SourceDate "2019.09.30"]
[SourceVersion "1"]
[SourceVersionDate "2019.09.30"]
[SourceQuality "1"]
[WhiteTeam "Mustafa Kemal Ortaokulu"]
[BlackTeam "Akcakoca Palamut Bric"]
[WhiteTeamCountry "TUR"]
[BlackTeamCountry "TUR"]

1. c4 Nf6 2. Nf3 g6 3. d4 c5 4. Nc3 cxd4 5. Nxd4 Bg7 6. e4 d6 7. Be2 Bd7 8. 0-0 Nc6 9. Nc2 0-0 10. Bg5 h6 11. Bh4 Qb6 12. Qd2 g5 13. Bg3 Ne5 14. Ne3 Ng6 15. Rac1 Bc6 16. f3 Nf4 17. Bf2 Qc7 18. Nf5 b6 19. Be3 Ng6 20. h4 Nxh4 21. Nxh4 gxh4 22. Bxh6 Nh7 23. Qf4 Qd7 24. Qxh4 Qe6 25. Bxg7 Kxg7 26. Nd5 Bxd5 27. cxd5 Qe5 28. Rc2 Rac8 29. Qg4+ 1-0

[Event "TUR-chT Clubs"]
[Site "Konya"]
[Date "2019.07.17"]
[Round "2.21"]
[White "Yigiter, Fatih"]
[Black "Sener, Kerem"]
[Result "1/2-1/2"]
[WhiteElo "1585"]
[BlackElo "1547"]
[PlyCount "105"]
[EventDate "2019.07.16"]
[EventType "team-swiss"]
[EventRounds "9"]
[EventCountry "TUR"]
[SourceTitle "CBM 191 Extra"]
[Source "ChessBase"]
[SourceDate "2019.09.30"]
[SourceVersion "1"]
[SourceVersionDate "2019.09.30"]
[SourceQuality "1"]
[WhiteTeam "Edeler Gorme Engelliler"]
[BlackTeam "Akcakoca Palamut Bric"]
[WhiteTeamCountry "TUR"]
[BlackTeamCountry "TUR"]

1. d4 Nf6 2. c4 c5 3. d5 b5 4. cxb5 a6 5. b6 d6 6. Nc3 Nbd7 7. e4 g6 8. Nf3 Bg7 9. Nd2 Nxb6 10. Be2 0-0 11. 0-0 Qc7 12. a4 Nbd7 13. a5 Ne5 14. h3 e6 15. f4 Ned7 16. dxe6 fxe6 17. Nc4 Ne8 18. Be3 Bb7 19. Bg4 Rf6 20. Qd2 h5 21. Bf3 Rd8 22. Rad1 Nb8 23. f5 exf5 24. Bg5 fxe4 25. Bxf6 Bxf6 26. Bxe4 Bxe4 27. Nxe4 Bh4 28. Nf2 d5 29. Nb6 Nf6 30. Kh1 Bxf2 31. Qxf2 Ne4 32. Qc2 Ng3+ 33. Kg1 Nxf1 34. Rxf1 Qd6 35. Qd3 c4 36. Qf3 Qe6 37. b3 Nc6 38. bxc4 dxc4 39. Qc3 Rd4 40. Re1 Qd6 41. Qe3 Rd1 42. Nxc4 Rxe1+ 43. Qxe1 Qd4+ 44. Ne3 Ne5 45. Kh1 Nc4 46. Nc2 Qe5 47. Qxe5 Nxe5 48. Nb4 Nc4 49. Nxa6 Nxa5 50. Kg1 Kf7 51. Kf2 Kf6 52. Nc5 Nc4 53. Nd3 1/2-1/2

[Event "Ankara Baskent Univ op-B 3rd"]
[Site "Ankara"]
[Date "2018.08.30"]
[Round "6"]
[White "Citil, Feyzullah"]
[Black "Sener, Kerem"]
[Result "1/2-1/2"]
[WhiteElo "1569"]
[BlackElo "1464"]
[PlyCount "82"]
[EventDate "2018.08.27"]
[EventType "swiss"]
[EventRounds "9"]
[EventCountry "TUR"]
[SourceTitle "EXT 2021"]
[Source "ChessBase"]
[SourceDate "2020.10.23"]
[SourceVersion "1"]
[SourceVersionDate "2020.10.23"]
[SourceQuality "1"]

1. e4 c5 2. Nf3 d6 3. d4 cxd4 4. Nxd4 Nf6 5. Nc3 a6 6. Bc4 e6 7. a4 Qc7 8. Bb3 Be7 9. 0-0 Nc6 10. Be3 0-0 11. f4 b6 12. f5 Nxd4 13. Qxd4 Rb8 14. h3 Rd8 15. Kh1 Nh5 16. Rf3 Bf6 17. Qd3 Bxc3 18. bxc3 exf5 19. exf5 Bb7 20. Bg5 Re8 21. Re3 h6 22. Rae1 Rxe3 23. Bxe3 Ng3+ 24. Kg1 Qc6 25. Qd2 Re8 26. Qf2 Ne4 27. Qf3 Qxc3 28. Bf2 Qc6 29. Bd4 Qd7 30. Qg4 Ng5 31. Rxe8+ Qxe8 32. h4 Qe4 33. Qxe4 Nxe4 34. Bxb6 Ng3 35. f6 Nf5 36. fxg7 Nxh4 37. Bc7 Nxg2 38. Bxd6 Kxg7 39. Kf2 Nh4 40. Bb4 Kg8 41. Bd6 Ng2 1/2-1/2

[Event "Ankara Baskent Univ op-B 3rd"]
[Site "Ankara"]
[Date "2018.08.28"]
[Round "3"]
[White "Sener, Kerem"]
[Black "Sahin, Arda"]
[Result "0-1"]
[WhiteElo "1464"]
[BlackElo "1563"]
[PlyCount "76"]
[EventDate "2018.08.27"]
[EventType "swiss"]
[EventRounds "9"]
[EventCountry "TUR"]
[SourceTitle "EXT 2021"]
[Source "ChessBase"]
[SourceDate "2020.10.23"]
[SourceVersion "1"]
[SourceVersionDate "2020.10.23"]
[SourceQuality "1"]

1. c4 e6 2. g3 d5 3. Bg2 a6 4. cxd5 exd5 5. Nf3 Nf6 6. 0-0 Bd6 7. d3 0-0 8. Nc3 Re8 9. Bg5 c6 10. Re1 Be7 11. e4 Bg4 12. h3 Bh5 13. Qb3 Nbd7 14. g4 Nc5 15. Qc2 Bg6 16. Nh4 dxe4 17. Nxg6 hxg6 18. dxe4 Qd3 19. Qc1 Qc4 20. Bf1 Qe6 21. e5 Nd5 22. Bxe7 Qxe7 23. Nxd5 cxd5 24. Qd1 Rad8 25. Bg2 Ne6 26. Qb3 Nf4 27. Rad1 Qe6 28. Rd4 g5 29. Rb4 b5 30. a4 d4 31. axb5 a5 32. Qxe6 Rxe6 33. Ra4 d3 34. Rxa5 d2 35. Rd1 Rxe5 36. Bf3 Rd3 37. Ra8+ Kh7 38. b6 Re1+ 0-1

[Event "TUR-chT2"]
[Site "Konya"]
[Date "2018.07.14"]
[Round "7.26"]
[White "Sener, Kerem"]
[Black "Karakus, Ali"]
[Result "1-0"]
[WhiteElo "1439"]
[BlackElo "1159"]
[PlyCount "93"]
[EventDate "2018.07.10"]
[EventType "team-swiss"]
[EventRounds "9"]
[EventCountry "TUR"]
[SourceTitle "EXT 2019"]
[Source "ChessBase"]
[SourceDate "2018.10.10"]
[SourceVersion "1"]
[SourceVersionDate "2018.10.10"]
[SourceQuality "1"]
[WhiteTeam "Akcakoca Palamut Bric"]
[BlackTeam "Dulumpinar Turk"]
[WhiteTeamCountry "TUR"]
[BlackTeamCountry "TUR"]

1. e4 c5 2. Nf3 d6 3. d4 cxd4 4. Nxd4 Nf6 5. Nc3 a6 6. Bg5 e6 7. f4 Nbd7 8. Qf3 Be7 9. 0-0-0 0-0 10. Bd3 Qc7 11. Rhe1 b5 12. Qh3 Nc5 13. e5 Nxd3+ 14. Rxd3 dxe5 15. fxe5 Nd5 16. Bxe7 Nxe7 17. Rg3 Ng6 18. Qg4 Kh8 19. h4 Rg8 20. Qg5 Qe7 21. Qxe7 Nxe7 22. Ne4 Rd8 23. Nd6 Kg8 24. c3 Rb8 25. Rf1 Rf8 26. h5 h6 27. Rgf3 Bd7 28. Rxf7 Nc6 29. Rxf8+ Rxf8 30. Rxf8+ Kxf8 31. Ne4 Nxd4 32. cxd4 Bc6 33. Nc5 Bxg2 34. Nxe6+ Ke7 35. Nf4 Bf3 36. Kd2 Bg4 37. Ke3 Bf5 38. d5 Kf7 39. Kd4 g5 40. hxg6+ Bxg6 41. Nxg6 Kxg6 42. d6 Kf7 43. Ke4 Ke6 44. Kf4 Kf7 45. Kf5 Ke8 46. e6 Kd8 47. Kg6 1-0